Tropinet (Registro nro. 17167)

Detalles MARC
000 -CABECERA
Campo de control 00230as aa2200097a 44500
090 ## - CLASIFICACIÓN LOCAL
Colección SERIADAS
Consecutivo 01009
041 0# - IDIOMA
Código de idioma para texto/pista de sonido o título separado
245 10 - MENCION DE TITULO
Título Tropinet
260 ## - PUBLICACION, DISTRIBUCION, ETC. (PIE DE IMPRENTA)
Nombre del editor, distribuidor, etc. Association for Tropical Biology Inc.
Lugar de publicación, distribución, etc. Estados Unidos
942 ## - ELEMENTOS ADICIONALES (KOHA)
Tipo de ítem Periodica o revista
Existencias
Withdrawn status Lost status Damaged status No para préstamo Colección Fecha publicación (Año) Volumen revista Número revista Ubicación Permanente Ubicación actual Fecha de adquisición Fuente de Valor Total Checkouts Número topográfico Inventario / Código de Barras Date last seen Ejemplar Price effective from Forma de adquisición Tipo de material
        Hemeroteca 1998 9 1 Villa de Leyva Villa de Leyva 22/03/2001 EBSCO   SERIADAS 01009 009755 25/03/2015 1 25/03/2015 Compra Periodica o revista
        Hemeroteca 2000 11 1 Villa de Leyva Villa de Leyva 27/06/2002 CID Humboldt   SERIADAS 01009 009761 25/03/2015 1 25/03/2015 Compra Periodica o revista